<?xml version="1.0" encoding="UTF-8"?>
<collection xmlns="http://www.loc.gov/MARC21/slim">
 <record>
  <leader>03476cam a22005292  4500</leader>
  <controlfield tag="001">1823126081</controlfield>
  <controlfield tag="003">DE-627</controlfield>
  <controlfield tag="005">20221125131112.0</controlfield>
  <controlfield tag="007">tu</controlfield>
  <controlfield tag="008">221122s2012    gr |||||      00| ||gre c</controlfield>
  <datafield tag="020" ind1=" " ind2=" ">
   <subfield code="a">9782869582514</subfield>
   <subfield code="c">br</subfield>
   <subfield code="9">978-2-86958-251-4</subfield>
  </datafield>
  <datafield tag="035" ind1=" " ind2=" ">
   <subfield code="a">(DE-627)1823126081</subfield>
  </datafield>
  <datafield tag="035" ind1=" " ind2=" ">
   <subfield code="a">(DE-599)KXP1823126081</subfield>
  </datafield>
  <datafield tag="040" ind1=" " ind2=" ">
   <subfield code="a">DE-627</subfield>
   <subfield code="b">ger</subfield>
   <subfield code="c">DE-627</subfield>
   <subfield code="e">rakwb</subfield>
  </datafield>
  <datafield tag="041" ind1=" " ind2=" ">
   <subfield code="a">gre</subfield>
   <subfield code="h">fre</subfield>
  </datafield>
  <datafield tag="044" ind1=" " ind2=" ">
   <subfield code="c">XA-GR</subfield>
   <subfield code="c">XA-FR</subfield>
  </datafield>
  <datafield tag="100" ind1="1" ind2=" ">
   <subfield code="a">Grandjean, Yves</subfield>
   <subfield code="e">VerfasserIn</subfield>
   <subfield code="0">(DE-588)1124913971</subfield>
   <subfield code="0">(DE-627)87922407X</subfield>
   <subfield code="0">(DE-576)483226009</subfield>
   <subfield code="4">aut</subfield>
  </datafield>
  <datafield tag="245" ind1="1" ind2="0">
   <subfield code="6">880-01</subfield>
   <subfield code="a">Odīgós tīs Thásou</subfield>
   <subfield code="c">tōn Yves Grandjean kai François Salviat ; me tī synergasía tōn Francine Blondé, Anne Coulié, Bernard Holtzman... [et al.] ; schédia kai katópseis Manuela Wurch-Koželj ; me tī syndromī́ tou Tony Koželj ; metáfrasī apó ta galliká Giṓrgos M. Sanidás ; epiméleia Ártemis Argýrī</subfield>
  </datafield>
  <datafield tag="250" ind1=" " ind2=" ">
   <subfield code="6">880-01</subfield>
   <subfield code="a">2ē ékdosē ananeōménē kai epauxēménē</subfield>
  </datafield>
  <datafield tag="264" ind1=" " ind2="1">
   <subfield code="a">[Athènes]</subfield>
   <subfield code="b">École française d'Athènes</subfield>
   <subfield code="c">2012</subfield>
  </datafield>
  <datafield tag="300" ind1=" " ind2=" ">
   <subfield code="a">1 vol. (385 p.-[8] f. de pl. dépl.)</subfield>
   <subfield code="b">ill. en noir et coul., plans, cartes, couv. ill. en coul</subfield>
   <subfield code="c">24 cm</subfield>
  </datafield>
  <datafield tag="336" ind1=" " ind2=" ">
   <subfield code="a">Text</subfield>
   <subfield code="b">txt</subfield>
   <subfield code="2">rdacontent</subfield>
  </datafield>
  <datafield tag="337" ind1=" " ind2=" ">
   <subfield code="a">ohne Hilfsmittel zu benutzen</subfield>
   <subfield code="b">n</subfield>
   <subfield code="2">rdamedia</subfield>
  </datafield>
  <datafield tag="337" ind1=" " ind2=" ">
   <subfield code="a">ohne Hilfsmittel zu benutzen</subfield>
   <subfield code="b">n</subfield>
   <subfield code="2">rdamedia</subfield>
  </datafield>
  <datafield tag="338" ind1=" " ind2=" ">
   <subfield code="a">Band</subfield>
   <subfield code="b">nc</subfield>
   <subfield code="2">rdacarrier</subfield>
  </datafield>
  <datafield tag="490" ind1="0" ind2=" ">
   <subfield code="a">Sites et monuments</subfield>
   <subfield code="v">3</subfield>
  </datafield>
  <datafield tag="500" ind1=" " ind2=" ">
   <subfield code="a">1ères éditions 1974, (française1987)</subfield>
  </datafield>
  <datafield tag="500" ind1=" " ind2=" ">
   <subfield code="a">Bibliogr. p. 13-14 et fins de chapitres. Notes bibliogr. Glossaire. Index</subfield>
  </datafield>
  <datafield tag="650" ind1=" " ind2="4">
   <subfield code="a">Archéologie et histoire - Grèce - Thasos (Grèce ; île)</subfield>
  </datafield>
  <datafield tag="650" ind1=" " ind2="4">
   <subfield code="a">Fouilles archéologiques - Grèce - Thasos (Grèce ; île)</subfield>
  </datafield>
  <datafield tag="650" ind1=" " ind2="4">
   <subfield code="a">Préhistoire - Grèce - Thasos (Grèce ; île)</subfield>
  </datafield>
  <datafield tag="650" ind1=" " ind2="4">
   <subfield code="a">Antiquités - Thasos (Grèce ; île)</subfield>
  </datafield>
  <datafield tag="650" ind1=" " ind2="4">
   <subfield code="a">Guides touristiques et de visite</subfield>
  </datafield>
  <datafield tag="651" ind1=" " ind2="4">
   <subfield code="a">Thasos (Grèce ; île)</subfield>
  </datafield>
  <datafield tag="651" ind1=" " ind2="4">
   <subfield code="a">Thasos (ville ancienne)</subfield>
  </datafield>
  <datafield tag="700" ind1="1" ind2=" ">
   <subfield code="a">Salviat, François</subfield>
   <subfield code="e">VerfasserIn</subfield>
   <subfield code="0">(DE-588)1100191283</subfield>
   <subfield code="0">(DE-627)859160181</subfield>
   <subfield code="0">(DE-576)469540664</subfield>
   <subfield code="4">aut</subfield>
  </datafield>
  <datafield tag="700" ind1="1" ind2=" ">
   <subfield code="a">Blondé, Francine</subfield>
   <subfield code="e">MitwirkendeR</subfield>
   <subfield code="0">(DE-588)1124556559</subfield>
   <subfield code="0">(DE-627)878740961</subfield>
   <subfield code="0">(DE-576)482823496</subfield>
   <subfield code="4">ctb</subfield>
  </datafield>
  <datafield tag="700" ind1="1" ind2=" ">
   <subfield code="a">Coulié, Anne</subfield>
   <subfield code="d">1964-</subfield>
   <subfield code="e">MitwirkendeR</subfield>
   <subfield code="0">(DE-588)106527873X</subfield>
   <subfield code="0">(DE-627)815807457</subfield>
   <subfield code="0">(DE-576)185600743</subfield>
   <subfield code="4">ctb</subfield>
  </datafield>
  <datafield tag="700" ind1="1" ind2=" ">
   <subfield code="a">Holtzmann, Bernard</subfield>
   <subfield code="d">1942-</subfield>
   <subfield code="e">MitwirkendeR</subfield>
   <subfield code="0">(DE-588)1056666145</subfield>
   <subfield code="0">(DE-627)794907830</subfield>
   <subfield code="0">(DE-576)412226189</subfield>
   <subfield code="4">ctb</subfield>
  </datafield>
  <datafield tag="700" ind1="1" ind2=" ">
   <subfield code="a">Wurch-Koželj, Manuela</subfield>
   <subfield code="e">IllustratorIn</subfield>
   <subfield code="0">(DE-588)1121943632</subfield>
   <subfield code="0">(DE-627)87503280X</subfield>
   <subfield code="0">(DE-576)481059210</subfield>
   <subfield code="4">ill</subfield>
  </datafield>
  <datafield tag="700" ind1="1" ind2=" ">
   <subfield code="a">Koželj, Tony</subfield>
   <subfield code="d">1947-</subfield>
   <subfield code="e">IllustratorIn</subfield>
   <subfield code="0">(DE-588)1121943179</subfield>
   <subfield code="0">(DE-627)875031684</subfield>
   <subfield code="0">(DE-576)481058222</subfield>
   <subfield code="4">ill</subfield>
  </datafield>
  <datafield tag="787" ind1="0" ind2="8">
   <subfield code="i">Rezensiert in</subfield>
   <subfield code="a">Deoudi, Maria</subfield>
   <subfield code="t">[Rezension von: Yves Grandjean, François Salviat, Οδηγός της Θάσου - Guide de Thasos]</subfield>
   <subfield code="d">2015</subfield>
   <subfield code="w">(DE-627)1823660584</subfield>
  </datafield>
  <datafield tag="880" ind1="1" ind2="0">
   <subfield code="6">245-01/Grek</subfield>
   <subfield code="a">Οδηγός της Θάσου</subfield>
   <subfield code="c">των Yves Grandjean και François Salviat ; με τη συνεργασία των Francine Blondé, Anne Coulié, Bernard Holtzman... [et al.] ; σχέδια και κατόψεις Manuela Wurch-Koželj ; με τη συνδρομή του Tony Koželj ; μετάφραση από τα γαλλικά Γιώργος Μ. Σανιδάς ; επιμέλεια Άρτεμις Αργύρη</subfield>
  </datafield>
  <datafield tag="880" ind1=" " ind2=" ">
   <subfield code="6">250-01/Grek</subfield>
   <subfield code="a">2η έκδοση ανανεωμένη και επαυξημένη</subfield>
  </datafield>
  <datafield tag="951" ind1=" " ind2=" ">
   <subfield code="a">BO</subfield>
  </datafield>
  <datafield tag="991" ind1=" " ind2=" ">
   <subfield code="a">Rezensiertes Werk</subfield>
  </datafield>
  <datafield tag="999" ind1=" " ind2=" ">
   <subfield code="a">KXP-PPN1823126081</subfield>
   <subfield code="e">4219583904</subfield>
  </datafield>
 </record>
</collection>
